Jakost výrobků a socialistické podnikání

Gespeichert in:
Bibliographische Detailangaben
1. Verfasser: Prošek, Jan
Format: Buch
Sprache:Tschechisch
Veröffentlicht: Praha Úřad pro normalizaci a měření 1967
Schriftenreihe:Péče o jakost sv. 2
Tags: Tag hinzufügen
Keine Tags, Fügen Sie das erste Tag hinzu!

MARC

LEADER 00000nam a2200000 4500
001 c122649
005 20041019155225.9
041 0 |a cze 
044 |a CZ 
245 1 0 |a Jakost výrobků a socialistické podnikání  |c J. Prošek 
264 1 |a Praha  |b Úřad pro normalizaci a měření  |c 1967 
300 |a 46 s. 
490 1 |a Péče o jakost  |v sv. 2 
830 0 |a Péče o jakost  |v sv. 2 
100 1 |a Prošek, Jan